000 02045nam2a22002651 4500
001 RU\NLR\INFOCOMM10\1000140411
005 20040129115851.0
035 _a(NLR Aleph) 002849294
090 _a3002432
_c3002432
100 _a20040129d1957 |||y0rusy50 ca
101 0 _arus
102 _aRU
105 _ay |||||||||
200 1 _aМетоды определения нефти в воде
_fЛурье Ю.Ю. и Коллерова Е.Е.
210 _d1957
461 0 _1001RU\NLR\INFOCOMM10\1000140402
_12001#$aИнформационные материалы$fСССР М-во строит. предприятий тяж. индустрии. Техн. упр. Всес. науч.-исслед. ин-т водоснабжения, канализации, гидротехн. сооружений и инженерной гидрогеологии "ВОДГЕО". Лаборатория биологической очистки сточных вод$v№8 а
_93002356
_aВсесоюзный научно-исследовательский институт водоснабжения, канализации, гидротехнических сооружений и инженерной гидрогеологии. Лаборатория биологической очистки промышленных сточных вод
_cМ.
_d1953-1959
_fСССР М-во строит. предприятий тяж. индустрии. Техн. упр. Всес. науч.-исслед. ин-т водоснабжения, канализации, гидротехн. сооружений и инженерной гидрогеологии "ВОДГЕО". Лаборатория биологической очистки сточных вод
_tИнформационные материалы
_v№8 а
700 1 _aЛурье
_bЮ. Ю.
_4070
701 1 _aКоллерова
_bЕ. Е.
_4070
801 0 _aRU
_bNLR
_gPSBO
801 1 _aRU
_bInfoComm
_c20040129
852 _aNLR
_jП16/535
942 _cISSUE
980 _aNB
980 _aRUSPER